Socialismo y utopismo- un análisis desde la experiencia cubana. Parte 2: los proyectos políticos hoy en América Latina /

Kaydedildi:
Detaylı Bibliyografya
Yazar: Tejada, Aurelio Alonso
Müşterek Yazar: Encuentro de científicos sociales y teólogos sobre el tema "El discernimiento de las utopías", 2 / Aurelio Alonso Tejada
Materyal Türü: Konferans Sunumu
Etiketler: Etiketle
Etiket eklenmemiş, İlk siz ekleyin!

MARC

LEADER 00000 a a2200000 04500
001 45044
003
040
100 |a Tejada, Aurelio Alonso  
111 |a Encuentro de científicos sociales y teólogos sobre el tema "El discernimiento de las utopías", 2 /  |c Aurelio Alonso Tejada 
245 |a Socialismo y utopismo- un análisis desde la experiencia cubana. Parte 2: los proyectos políticos hoy en América Latina /  |c Aurelio Alonso Tejada  
773 |g páginas 171-178  
999 |c 35378  |d 35378